000 01189 a2200229 4500
005 2008091102462.0
010 _aHIN-79731
020 _a8188358061
_c350.00
035 _aHN-52077
035 _aB-149739
037 _bD.B.Act / pub
082 _a509.21
100 _aगर्ग , सी.एल.
_9747
245 _aविश्व प्रसिद्ध वैज्ञानिक कोश
_cसी. एल. गर्ग
246 _aVishwaprasidha vaigyanik Kosh
_bby C.L.Garg
260 _aदिल्ली
_bइंद्रप्रस्थ इंटरनेशनल
_c2005
270 _a18-बी, साउथ अनारकली
_bदिल्ली
_e110 051
300 _a335पृ
_c22 सेमी (सजिल्द)
942 _adpl
_cHN
_k509.2 / गर्गसी
_2ddc
_h509.2
_mगर्गसी
999 _c3529
_d3529